[Event "Amager-ch"]
[Site "Amager"]
[Date "2015.10.20"]
[Round "7"]
[White "Lunding, Peter M"]
[Black "Pedersen, Ole2222"]
[Result "1-0"]
[WhiteElo "1876"]
[BlackElo "1439"]
[PlyCount "63"]
[EventDate "2015.08.18"]
[EventType "swiss"]
[EventRounds "7"]
[EventCountry "DEN"]
[SourceTitle "EXT 2023"]
[Source "ChessBase"]
[SourceDate "2022.10.05"]
[SourceVersion "1"]
[SourceVersionDate "2022.10.05"]
[SourceQuality "1"]

1. e3 e6 2. c4 f5 3. Nc3 Nf6 4. Nf3 Bb4 5. a3 Bxc3 6. bxc3 0-0 7. d3 d6 8. Be2 e5 9. 0-0 a5 10. Qc2 Qe8 11. Ne1 Qg6 12. f3 Be6 13. e4 f4 14. d4 Bd7 15. c5 Kh8 16. Rb1 Bc8 17. Bd3 Nbd7 18. cxd6 cxd6 19. a4 Ne8 20. Bb5 Qf7 21. Nd3 Nc7 22. Bxd7 Qxd7 23. dxe5 dxe5 24. Nxe5 Qd6 25. Nd3 Ne6 26. Rd1 Qc7 27. Ba3 Rd8 28. Rd2 Ra6 29. Rbd1 Rc6 30. Nxf4 Rxd2 31. Qxd2 Qd8 32. Qxd8+ 1-0

[Event "Amager-ch"]
[Site "Amager"]
[Date "2011.10.04"]
[Round "5"]
[White "Lunding, Peter M"]
[Black "Jensen, Thore Nyboe"]
[Result "1/2-1/2"]
[WhiteElo "1928"]
[BlackElo "2013"]
[PlyCount "152"]
[EventDate "2011.08.30"]
[EventType "swiss"]
[EventRounds "7"]
[EventCountry "DEN"]
[SourceTitle "EXT 2023"]
[Source "ChessBase"]
[SourceDate "2022.10.05"]
[SourceVersion "1"]
[SourceVersionDate "2022.10.05"]
[SourceQuality "1"]

1. d4 d5 2. Nf3 Nf6 3. Bg5 e6 4. e3 Be7 5. Bd3 Nbd7 6. Nbd2 c5 7. c3 b6 8. 0-0 Bb7 9. Qe2 Ne4 10. Bxe7 Qxe7 11. Bb5 0-0 12. Ne1 Ndf6 13. f4 a6 14. Bd3 b5 15. Nef3 c4 16. Bc2 a5 17. Nxe4 Nxe4 18. Bxe4 dxe4 19. Nd2 f5 20. Kh1 Rfc8 21. g4 Kh8 22. g5 Bc6 23. Rfc1 Be8 24. Nf1 Rab8 25. Ng3 Bc6 26. Kg2 Bd5 27. a3 Rb6 28. Nf1 b4 29. axb4 axb4 30. Qd2 Rcb8 31. Kf2 Qf7 32. Ng3 Qb7 33. Nf1 Kg8 34. h4 Kf7 35. Ng3 bxc3 36. bxc3 Rb2 37. Rc2 Rxc2 38. Qxc2 Qb2 39. Rc1 Qxc2+ 40. Rxc2 Ra8 41. Rc1 Ra2+ 42. Kg1 Ke7 43. Kh1 Bc6 44. h5 Kd6 45. Kg1 Ba4 46. Rb1 Bb3 47. Rc1 Bc2 48. Kg2 Bd3+ 49. Kh3 Kc6 50. Re1 g6 51. h6 Kb5 52. Rc1 Ka4 53. Nh5 Kb3 54. Nf6 Ra7 55. d5 Kb2 56. Rg1 Kxc3 57. d6 Kd2 58. d7 Ra8 59. Nxh7 c3 60. Nf6 c2 61. h7 Rh8 62. Kg3 Bb5 63. Rg2+ Kd1 64. Rg1+ Kd2 65. Rg2+ Kd3 66. Rg1 Bxd7 67. Nxd7 Rxh7 68. Nc5+ Kxe3 69. Rc1 Kd2 70. Nb3+ Kc3 71. Na1 Kd3 72. Rxc2 e3 73. Rc6 Re7 74. Nc2 Kd2 75. Nxe3 Kxe3 76. Rc8 e5 1/2-1/2

[Event "Amager CC-ch"]
[Site "Amager"]
[Date "2011.03.01"]
[Round "4"]
[White "Carstensen, Jacob"]
[Black "Lunding, Peter M"]
[Result "1-0"]
[WhiteElo "2325"]
[BlackElo "1939"]
[PlyCount "57"]
[EventDate "2011.01.25"]
[EventType "swiss"]
[EventRounds "7"]
[EventCountry "DEN"]
[SourceTitle "EXT 2023"]
[Source "ChessBase"]
[SourceDate "2022.10.05"]
[SourceVersion "1"]
[SourceVersionDate "2022.10.05"]
[SourceQuality "1"]

1. d4 d5 2. c4 e6 3. Nf3 Nf6 4. Nc3 c6 5. Bg5 Nbd7 6. cxd5 exd5 7. e3 Be7 8. Bd3 h6 9. Bf4 Nh5 10. Qc2 Nxf4 11. exf4 Bd6 12. Ne5 Qf6 13. Ne2 Bb4+ 14. Kf1 Nxe5 15. fxe5 Qd8 16. f4 Bg4 17. Bf5 Bxf5 18. Qxf5 0-0 19. h4 Qc7 20. Rh3 Rae8 21. Rd1 Re7 22. a3 Ba5 23. Rdd3 Qc8 24. Ng3 Qxf5 25. Nxf5 Rc7 26. Rhg3 f6 27. e6 Kh7 28. e7 Rg8 29. Rxg7+ 1-0

[Event "Amager CC-ch"]
[Site "Amager"]
[Date "2011.02.08"]
[Round "2"]
[White "Lunding, Peter M"]
[Black "Ludeking, John"]
[Result "1-0"]
[WhiteElo "1939"]
[BlackElo "1658"]
[PlyCount "65"]
[EventDate "2011.01.25"]
[EventType "swiss"]
[EventRounds "7"]
[EventCountry "DEN"]
[SourceTitle "EXT 2023"]
[Source "ChessBase"]
[SourceDate "2022.10.05"]
[SourceVersion "1"]
[SourceVersionDate "2022.10.05"]
[SourceQuality "1"]

1. d4 e6 2. Nf3 f5 3. g3 Nf6 4. Bg2 d5 5. 0-0 Bd6 6. b3 Qe7 7. c4 c6 8. Bb2 b6 9. Nbd2 Bb7 10. Qc2 Ne4 11. Ne1 0-0 12. Nd3 Nd7 13. f3 Nxg3 14. hxg3 Bxg3 15. f4 Qh4 16. Nf3 Qh5 17. Bc3 dxc4 18. bxc4 c5 19. Be1 Bxe1 20. Ndxe1 Be4 21. Qd2 cxd4 22. Qxd4 Nc5 23. Qf2 Rad8 24. Qg3 Bb7 25. Qg5 Qe8 26. Ne5 Bxg2 27. Qxg2 Rf6 28. Rf3 Ne4 29. Rd3 Rh6 30. Rad1 Rxd3 31. Rxd3 Qe7 32. N1f3 Qc5+ 33. e3 1-0

[Event "Amager Spring A"]
[Site "Amager"]
[Date "2010.05.11"]
[Round "1"]
[White "Moller, Arne Vagn"]
[Black "Lunding, Peter M"]
[Result "1-0"]
[WhiteElo "1809"]
[BlackElo "1916"]
[PlyCount "55"]
[EventDate "2010.05.11"]
[EventType "tourn"]
[EventRounds "5"]
[EventCountry "DEN"]
[SourceTitle "EXT 2023"]
[Source "ChessBase"]
[SourceDate "2022.10.05"]
[SourceVersion "1"]
[SourceVersionDate "2022.10.05"]
[SourceQuality "1"]

1. e4 e6 2. d4 d5 3. Nc3 Bb4 4. e5 Ne7 5. a3 Bxc3+ 6. bxc3 c5 7. f4 Qa5 8. Bd2 c4 9. Nf3 Bd7 10. Be2 h6 11. Qc1 Nbc6 12. a4 0-0-0 13. Qb2 Rde8 14. 0-0 f6 15. Rfb1 Qc7 16. Bc1 Nd8 17. Qa2 Nf7 18. a5 a6 19. Ba3 Bb5 20. Bc5 Qc6 21. Nd2 fxe5 22. Qa3 Kd7 23. dxe5 g6 24. Rd1 h5 25. Ne4 Nf5 26. Nf6+ Kc8 27. Nxe8 Qxe8 28. Bb6 1-0

[Event "Amager CC-ch"]
[Site "Amager"]
[Date "2010.03.30"]
[Round "7"]
[White "Jensen, Thore Nyboe"]
[Black "Lunding, Peter M"]
[Result "0-1"]
[WhiteElo "2039"]
[BlackElo "1875"]
[PlyCount "56"]
[EventDate "2010.01.19"]
[EventType "swiss"]
[EventRounds "7"]
[EventCountry "DEN"]
[SourceTitle "EXT 2023"]
[Source "ChessBase"]
[SourceDate "2022.10.05"]
[SourceVersion "1"]
[SourceVersionDate "2022.10.05"]
[SourceQuality "1"]

1. e4 e6 2. d4 d5 3. exd5 exd5 4. c4 Nf6 5. Nc3 c6 6. Nf3 Bb4 7. Bd3 0-0 8. 0-0 Bg4 9. Qb3 Bxc3 10. bxc3 dxc4 11. Bxc4 Bxf3 12. Qxb7 Bd5 13. Bxd5 Nxd5 14. c4 Qb6 15. Rb1 Qxb7 16. Rxb7 Nb6 17. Ba3 Rd8 18. Bc5 Rd7 19. Re1 Na6 20. Rxd7 Nxd7 21. Bd6 Nb6 22. c5 Nc4 23. Re2 Nxd6 24. cxd6 Kf8 25. Re7 Nb4 26. Rc7 Nxa2 27. Rxc6 Rd8 28. Ra6 Nc3 0-1

[Event "Amager-ch"]
[Site "Amager"]
[Date "2009.10.27"]
[Round "7"]
[White "Lunding, Peter M"]
[Black "Varming, Thomas"]
[Result "1-0"]
[WhiteElo "1933"]
[BlackElo "1760"]
[PlyCount "61"]
[EventDate "2009.09.01"]
[EventType "swiss"]
[EventRounds "7"]
[EventCountry "DEN"]
[SourceTitle "EXT 2023"]
[Source "ChessBase"]
[SourceDate "2022.10.05"]
[SourceVersion "1"]
[SourceVersionDate "2022.10.05"]
[SourceQuality "1"]

1. d4 Nf6 2. Nf3 e6 3. Bg5 Be7 4. e3 b6 5. Bd3 h6 6. Bxf6 Bxf6 7. Qe2 c5 8. c3 Bb7 9. Nbd2 Nc6 10. 0-0 cxd4 11. exd4 d5 12. Ne5 Bxe5 13. dxe5 0-0 14. f4 Qd7 15. Rf3 g6 16. Bb5 Qc7 17. Rh3 Kg7 18. Nf3 Ne7 19. Bd3 h5 20. Nd4 Qc5 21. Qf2 Bc8 22. Re1 Bd7 23. Qh4 Nf5 24. Qf6+ Kg8 25. Bxf5 exf5 26. Rxh5 gxh5 27. Qg5+ Kh7 28. Qxh5+ Kg7 29. Qg5+ Kh7 30. Re3 Qe7 31. Rh3# 1-0

[Event "Amager CC-ch"]
[Site "Amager"]
[Date "2009.04.14"]
[Round "9"]
[White "Gade, Jens"]
[Black "Lunding, Peter M"]
[Result "0-1"]
[WhiteElo "1394"]
[BlackElo "1912"]
[PlyCount "38"]
[EventDate "2009.01.20"]
[EventType "swiss"]
[EventRounds "9"]
[EventCountry "DEN"]
[SourceTitle "EXT 2023"]
[Source "ChessBase"]
[SourceDate "2022.10.05"]
[SourceVersion "1"]
[SourceVersionDate "2022.10.05"]
[SourceQuality "1"]

1. f4 d5 2. Nf3 g6 3. e3 Bg7 4. Be2 Nf6 5. 0-0 0-0 6. Kh1 c5 7. c3 Nc6 8. d4 b6 9. Ne5 Bb7 10. Bd2 Ne4 11. Be1 f6 12. Nf3 e5 13. fxe5 fxe5 14. Nbd2 exd4 15. Nxe4 dxe4 16. Bc4+ Kh8 17. Nd2 Ne5 18. Rxf8+ Qxf8 19. cxd4 Nxc4 0-1

[Event "Amager CC-ch"]
[Site "Amager"]
[Date "2006.02.14"]
[Round "4"]
[White "Moller, Arne Vagn"]
[Black "Lunding, Peter M"]
[Result "1-0"]
[WhiteElo "1680"]
[BlackElo "1927"]
[PlyCount "75"]
[EventDate "2006.01.10"]
[EventType "swiss"]
[EventRounds "9"]
[EventCountry "DEN"]
[SourceTitle "EXT 2023"]
[Source "ChessBase"]
[SourceDate "2022.10.05"]
[SourceVersion "1"]
[SourceVersionDate "2022.10.05"]
[SourceQuality "1"]

1. e4 e6 2. d4 d5 3. Nc3 Bb4 4. e5 Ne7 5. a3 Bxc3+ 6. bxc3 c5 7. Bb5+ Bd7 8. Bxd7+ Nxd7 9. Ne2 Rc8 10. 0-0 Qc7 11. f4 cxd4 12. Nxd4 Qxc3 13. Rb1 Nf5 14. Nxf5 exf5 15. Qxd5 Qc5+ 16. Qxc5 Nxc5 17. a4 Kd7 18. Rd1+ Kc7 19. Ba3 Nxa4 20. Rd4 Nb6 21. Bd6+ Kc6 22. c4 a6 23. Ra1 Nd7 24. Rad1 b6 25. Be7 Nc5 26. Rd6+ Kb7 27. Bd8 Na4 28. Bxb6 Rxc4 29. Ba5 Nc3 30. Rb6+ Kc8 31. Bxc3 Rxc3 32. Rxa6 Kb7 33. Rda1 Rf8 34. Kf2 Rc6 35. Ra7+ Kb6 36. Rd7 Rc7 37. Rb1+ Kc6 38. Rd6+ 1-0

[Event "Amager CC-ch"]
[Site "Amager"]
[Date "2006.01.10"]
[Round "1"]
[White "Kokholm, Daniel"]
[Black "Lunding, Peter M"]
[Result "1/2-1/2"]
[WhiteElo "1781"]
[BlackElo "1927"]
[PlyCount "31"]
[EventDate "2006.01.10"]
[EventType "swiss"]
[EventRounds "9"]
[EventCountry "DEN"]
[SourceTitle "EXT 2023"]
[Source "ChessBase"]
[SourceDate "2022.10.05"]
[SourceVersion "1"]
[SourceVersionDate "2022.10.05"]
[SourceQuality "1"]

1. e4 e6 2. d4 d5 3. e5 c5 4. c3 Bd7 5. Nf3 Qb6 6. Bd3 Bb5 7. 0-0 Ne7 8. dxc5 Qa6 9. Bxb5+ Qxb5 10. Na3 Qxc5 11. Be3 Qa5 12. Qb3 Nd7 13. Qb5 Qc7 14. Qa4 Nf5 15. Nb5 Qc6 16. Nfd4 1/2-1/2